ბათუმის შოთა რუსთაველის სახელმწიფო უნივერსიტეტის ბიბლიოთეკა

მებრძოლები (ბიბ.ჩანაწერი № 48440)

000 -LEADER
fixed length control field 00624nam a2200217Ia 4500
001 - CONTROL NUMBER
control field 15332
003 - CONTROL NUMBER IDENTIFIER
control field GE_BSU
008 - FIXED-LENGTH DATA ELEMENTS--GENERAL INFORMATION
fixed length control field 181216s||||||||xx |||||||||||||| ||und||
040 ## - CATALOGING SOURCE
Transcribing agency GE_BSU
100 ## - MAIN ENTRY--PERSONAL NAME
Personal name ქუთათელი, ა.
245 ## - TITLE STATEMENT
Title მებრძოლები
245 ## - TITLE STATEMENT
Remainder of title [მოთხრობები]
245 ## - TITLE STATEMENT
Statement of responsibility, etc. რედ.თ.შავიშვილი
260 ## - PUBLICATION, DISTRIBUTION, ETC.
Place of publication, distribution, etc. თბილისი
260 ## - PUBLICATION, DISTRIBUTION, ETC.
Name of publisher, distributor, etc. ფედერაცია
260 ## - PUBLICATION, DISTRIBUTION, ETC.
Date of publication, distribution, etc. 1942
300 ## - PHYSICAL DESCRIPTION
Extent 128გვ. ; 15სმ.
653 ## - INDEX TERM--UNCONTROLLED
Uncontrolled term მებრძოლები
653 ## - INDEX TERM--UNCONTROLLED
Uncontrolled term მოთხრობები
942 ## - ADDED ENTRY ELEMENTS (KOHA)
Koha item type წიგნი
ეგზემპლარები
Withdrawn status Lost status Damaged status Not for loan Date acquired Barcode Date last seen Price effective from Koha item type
        2018-12-17 37882 2018-12-17 2018-12-17 წიგნი